000
002830000a22000970004500
100
1
_a
Zvi, Ehud Ben
245
1
0
_a
Micah 1.2-16 : Observations and possible implications
300
_a
Núm 77 (1998), Páginas 103-120
773
0
_t
Journal for the Study of the Old Testament
942
_c
ANA
999
_c
54839
_d
54839